| 000 | 00601nam a2200241 a 4500 | ||
|---|---|---|---|
| 001 | nice12345678 | ||
| 003 | IN_TiNIC | ||
| 005 | 20260116011254.0 | ||
| 008 | 050524s1946 cama grp 000 0 eng | ||
| 020 |
_a _c1260 |
||
| 082 | 0 | 0 |
_a306.0899145 _bHUT |
| 100 | _aHutton, J H | ||
| 245 |
_aCaste in India _b (its Nature, Function and Origins) |
||
| 260 |
_aCambridge _bCambridge University Press _c1946 |
||
| 300 | _a279p | ||
| 500 | _aincludes index and biblioraphy | ||
| 505 | 2 | _aindex | |
| 650 | _aCaste-India | ||
| 700 | 1 | _aHutton, J H | |
| 902 | _bSRS | ||
| 942 | _cBK | ||
| 999 |
_c61 _d61 |
||